|
|
|
|
| LEADER |
00000nam a2200000 a 4500 |
| 001 |
vtls008185830 |
| 003 |
SK-MaSNL |
| 005 |
20260301164325.0 |
| 008 |
210928s1975 xr f 000 0 slo |
| 020 |
|
|
|q (brož.)
|
| 040 |
|
|
|a SNK
|b slo
|c SNK
|e AACR2
|
| 041 |
0 |
|
|a slo
|
| 044 |
|
|
|a xr
|c CZ
|
| 072 |
|
7 |
|a 656.2
|x Železničná doprava
|2 konspekt
|
| 080 |
|
|
|a 656.2
|2 1997
|
| 080 |
|
|
|a 629.46
|2 1997
|
| 080 |
|
|
|a 656.025.4
|2 1997
|
| 080 |
|
|
|a (094.5)
|2 1997
|
| 245 |
0 |
0 |
|a Predpis o hospodárení s nákladnými vozňami, s prepravnými pomôckami a s vozňovým výstrojom
|b ČSD D 14/1 : schválený námestníkom ministra dopravy ČSSR č. 10 250/73-0-11 z 22. 5. 1973 : účinnosť od 1. 1. 1975
|c [vypracoval ... (Marie Kučerová)]
|
| 250 |
|
|
|a [1. vyd.]
|
| 260 |
|
|
|a Praha
|b Nakladatelství dopravy a spojů
|c 1973
|
| 300 |
|
|
|a 159 s.
|b sch.
|c 21 cm
|e 1 text
|
| 650 |
0 |
7 |
|a železničná doprava
|2 SNKPH
|9 3185
|
| 650 |
0 |
7 |
|a preprava tovaru
|2 SNKPH
|9 31438
|
| 650 |
0 |
7 |
|a nákladné železničné vozne
|2 SNKPH
|9 79455
|
| 655 |
|
7 |
|a právne predpisy
|2 SNKPH
|9 70481
|
| 700 |
1 |
|
|a Kučerová, Marie
|4 com
|9 531556
|
| 958 |
|
|
|a OND
|
| 999 |
|
|
|c 820171
|d 822101
|
| 952 |
|
|
|a SNK
|b SNK
|y PREZ
|7 0
|p 17A0474172
|o snkSC 120825
|i snk2005/12871
|8 1
|0 0
|1 0
|4 0
|d 2005-07-22
|l 0
|r 2025-05-30 00:00:00
|w 2026-02-24
|